Statistics for ALL WALK THE MOON songs

Click here to take the quiz!

General Stats

  • This quiz has been taken 73 times
    (5 since last reset)
  • The average score is 43 of 73

Answer Stats

AlbumTrack #Title% Correct
TALKING IS HARD3Shut Up and Dance
100%
Walk the Moon4Anna Sun
80%
The Liftaway8Anna Sun (St. Lucia Remix)
80%
What If Nothing5All I Want
60%
What If Nothing6All Night
60%
Walk the Moon12Anywayican
60%
TALKING IS HARD12Aquaman
60%
TALKING IS HARD5Avalanche
60%
The Liftaway5Blue Dress < i want! i want! >
60%
TALKING IS HARD13Boyfriend
60%
What If Nothing11Can't Sleep (Wolves)
60%
HEIGHTS2Can You Handle My Love??
60%
TALKING IS HARD11Come Under the Covers
60%
TALKING IS HARD1Different Colors
60%
Other-Different Colors x Pride (with Jake Wesley Rogers)
60%
HEIGHTS5DNA (The Keys)
60%
HEIGHTS7Don't Make Me
60%
TALKING IS HARD7Down In the Dumps
60%
Walk the Moon14Drunk In the Woods
60%
Other-Eat Your Heart Out
60%
What If Nothing10Feels Good to Be High
60%
HEIGHTS6Fire In Your House (feat. Johnny Clegg & Jesse Clegg)
60%
Walk the Moon10Fixin'
60%
HEIGHTS3Giants
60%
What If Nothing2Headphones
60%
HEIGHTS1Heights
60%
Other-home (with morgxn)
60%
Walk the Moon11I Can Lift a Car
60%
HEIGHTS4I'm Good
60%
What If Nothing12In My Mind
60%
Walk the Moon9Iscariot
60%
The Liftaway9Iscariot (with Bear Hands)
60%
Other-It's Your Thing
60%
The Liftaway4i want! i want! < i want! i want! >
60%
Walk the Moon6Jenny
60%
What If Nothing7Kamikaze
60%
Walk the Moon8Lions
60%
Other-Lose You Again (feat. BRAVES)
60%
What If Nothing13Lost in the Wild
60%
The Liftaway6Me + All My Friends < i want! i want! >
60%
The Liftaway2Mono No Aware
60%
HEIGHTS9My Kids
60%
Walk the Moon3Next in Line
60%
The Liftaway7Next In Line (Lucky West Remix)
60%
What If Nothing3One Foot
60%
HEIGHTS12Population of Two
60%
TALKING IS HARD6Portugal
60%
What If Nothing1Press Restart
60%
Walk the Moon1Quesadilla
60%
HEIGHTS8Rise Up
60%
Walk the Moon7Shiver Shiver
60%
TALKING IS HARD2Sidekick
60%
The Liftaway3Smoke Signals
60%
HEIGHTS10Someone Else's Game
60%
What If Nothing9Sound of Awakening
60%
TALKING IS HARD9Spend Your $$$
60%
What If Nothing4Surrender
60%
Walk the Moon13Tete-a-tete
60%
The Liftaway1The Liftaway
60%
TALKING IS HARD14This Must Be the Place
60%
What If Nothing8Tiger Teeth
60%
Walk the Moon5Tightrope
60%
Other-Timebomb
60%
TALKING IS HARD4Up 2 U
60%
TALKING IS HARD10We Are the Kids
60%
HEIGHTS11What You Can't Look Up
60%
Other-Win Anyway
60%
TALKING IS HARD8Work This Body
60%
Other-Back 2 U (with Steve Aoki & Boehm)
40%
Other-Best for Last (with The Knocks)
40%
Walk the Moon2Lisa Baby
40%
Other-Meditation <+>
20%
Other-Spiraling Down
20%

Score Distribution

Percentile by Number Answered

Percent of People with Each Score

Your Score History

You have not taken this quiz since the last reset